Los nuestros
Gardado en:
| Autor Principal: | |
|---|---|
| Formato: | Libro |
| Idioma: | Lingua castelá |
| Publicado: |
Buenos Aires
Sudamericana
1973
|
| Edición: | 5a. ed |
| Series: | Coleccción Perspectivas
|
| Subjects: | |
| Tags: |
Engadir etiqueta
Sen Etiquetas, Sexa o primeiro en etiquetar este rexistro!
|
MARC
| LEADER | 00000nam a2200000 a 4500 | ||
|---|---|---|---|
| 001 | UCT7419 | ||
| 003 | CL-VaPUC | ||
| 005 | 20250312124213.0 | ||
| 008 | 970117e19730000AG |||||||||||||||||spa|d | ||
| 999 | |c 256043 |d 256041 | ||
| 040 | |c Pontificia Universidad Católica de Valparaíso | ||
| 082 | 0 | 4 | |a H863.09 |b HAR |2 21 |
| 100 | |a Harss, Luis |e author |9 378694 | ||
| 245 | 1 | 4 | |a Los nuestros |
| 250 | |a 5a. ed | ||
| 260 | |a Buenos Aires |b Sudamericana |c 1973 | ||
| 300 | |a 465 p | ||
| 490 | 0 | |a Coleccción Perspectivas | |
| 583 | |a last modification |c 19970117 00:00:00 |k Rodrigo Vera | ||
| 600 | 0 | 7 | |a CARPENTIER, ALEJO |2 CL-VaPUC |9 317536 |
| 600 | 0 | 7 | |a ASTURIAS, MIGUEL ANGEL |2 CL-VaPUC |9 309802 |
| 600 | 0 | |a Borges, Jorge Luis |e autor |9 322093 | |
| 600 | 0 | |a Onetti, Juan Carlos, |d 1909-1994 |9 877969 | |
| 600 | 0 | |a Cortázar, Julio, |d 1914-1984 |9 347319 | |
| 600 | 0 | 7 | |a RULFO, JUAN |2 CL-VaPUC |9 318391 |
| 600 | 0 | 7 | |a GARCIA MARQUEZ, GABRIEL |2 CL-VaPUC |9 318478 |
| 600 | 0 | 7 | |a VARGAS LLOSA, MARIO |2 CL-VaPUC |9 318800 |
| 650 | 0 | |a Literatura latinoamericana |9 309997 | |
| 942 | |c BK |2 ddc | ||
| 945 | |d 19970117 00:00:00 |a nastorga | ||
| 952 | |0 0 |1 0 |4 0 |6 H_863_090000000000000_HAR_1973 |7 0 |8 A |9 278578 |a BIBEDU |b BIBEDU |d 2019-11-19 |i 326694K |o H863.09 HAR 1973 |p 326694K |r 2019-11-19 |w 2019-11-19 |y BK |k LIT | ||
| 952 | |0 0 |1 0 |4 0 |6 H_863_090000000000000_HAR_1973 |7 0 |8 A |9 278579 |a BIBEDU |b BIBEDU |d 2019-11-19 |i 4070585 |o H863.09 HAR 1973 |p 4070585 |r 2019-11-19 |w 2019-11-19 |y BK |k LIT | ||